[Event "89154 VIII. Rakosmente Open"]
[Site "Budapest, Hungary"]
[Date "2013.11.29"]
[Round "1.1"]
[White "Kovacs, Marton"]
[Black "Szoukup, Istvan"]
[Result "1-0"]
[WhiteElo "2139"]
[BlackElo "1833"]
[PlyCount "81"]

1. d4 Nf6 2. Nf3 g6 3. Bf4 Bg7 4. Nc3 O-O 5. e4 b6 6. Bd3 Bb7 7. Qd2 d5 8. e5
Ne4 9. Bxe4 dxe4 10. Ng5 f5 11. Ne6 Qc8 12. Nxf8 Qxf8 13. h4 Nc6 14. O-O-O Rd8
15. Nb5 Nxe5 16. Qc3 Ng4 17. Rhf1 c5 18. Be5 cxd4 19. Bxg7 dxc3 20. Bxf8 Rxd1+
21. Rxd1 cxb2+ 22. Kxb2 Kxf8 23. Rd2 a6 24. Nc7 Kf7 25. c4 e3 26. fxe3 Nxe3 27.
Kc3 Nxg2 28. Nd5 Bxd5 29. Rxd5 Nxh4 30. a4 g5 31. a5 bxa5 32. c5 e6 33. Rd1 Ng6
34. c6 Ne7 35. c7 Nc8 36. Rd8 Nb6 37. Kd4 Ke7 38. Kc5 Nc8 39. Kc6 a4 40. Rxc8
a3 41. Ra8 1-0

[Event "89154 VIII. Rakosmente Open"]
[Site "Budapest, Hungary"]
[Date "2013.11.29"]
[Round "1.2"]
[White "Abraham, Lajos"]
[Black "Mezei, Csaba"]
[Result "0-1"]
[WhiteElo "1806"]
[BlackElo "2135"]
[PlyCount "96"]

1. e4 d6 2. d4 Nd7 3. f4 e6 4. Nf3 Ne7 5. c4 a5 6. Nc3 g6 7. Be3 Bg7 8. Qc2 O-O
9. Bd3 c6 10. g4 d5 11. a4 dxe4 12. Nxe4 Re8 13. O-O Qc7 14. Nfg5 Nf8 15. Qf2
f5 16. gxf5 Nxf5 17. Ng3 Rd8 18. Nxf5 exf5 19. c5 Bf6 20. Bc4+ Kg7 21. Nf3 Be6
22. Qc2 Bd5 23. Bxd5 Rxd5 24. Rad1 Rad8 25. Ne5 Ne6 26. Qc3 Nxc5 27. Rc1 Nxa4
28. Qa3 Nb6 29. Rc5 Rxc5 30. dxc5 Nd5 31. Bd2 Ra8 32. Nc4 Qe7 33. Re1 Bd4+ 34.
Kh1 Qxc5 35. Qxc5 Bxc5 36. Nxa5 Ra7 37. Re8 Bd6 38. Rd8 Bc7 39. Rd7+ Kg8 40.
Nc4 b5 41. Ne5 Ra1+ 42. Kg2 Rd1 43. Nxc6 Rxd2+ 44. Kf3 Rd3+ 45. Kf2 Bb6+ 46.
Ke1 Nxf4 47. Ne7+ Kf8 48. Nxg6+ hxg6 0-1

[Event "89154 VIII. Rakosmente Open"]
[Site "Budapest, Hungary"]
[Date "2013.11.29"]
[Round "1.3"]
[White "Suranyi, Pal"]
[Black "Karacsonyi, Gellert"]
[Result "1-0"]
[WhiteElo "2118"]
[BlackElo "1782"]
[PlyCount "61"]

1. d4 f5 2. g3 Nf6 3. Bg2 g6 4. Nc3 Bg7 5. e4 fxe4 6. Nxe4 O-O 7. Nxf6+ exf6 8.
Ne2 f5 9. h4 h6 10. Be3 Nc6 11. Qd2 Kh7 12. O-O-O a5 13. Nf4 b5 14. g4 a4 15.
gxf5 gxf5 16. Nh5 f4 17. Qd3+ Kh8 18. Nxf4 Rxf4 19. Bxf4 b4 20. Bxc6 dxc6 21.
Be5 Bxe5 22. dxe5 Qxd3 23. Rxd3 Bf5 24. Rd4 b3 25. cxb3 axb3 26. a3 Ra5 27. Kd2
Rxe5 28. Re1 Rc5 29. Re7 Rd5 30. Rxd5 cxd5 31. Rxc7 1-0

[Event "89154 VIII. Rakosmente Open"]
[Site "Budapest, Hungary"]
[Date "2013.11.29"]
[Round "1.4"]
[White "Lukacs, Laszlo"]
[Black "Bodrogi, Laszlo"]
[Result "0-1"]
[WhiteElo "1731"]
[BlackElo "2014"]
[PlyCount "78"]

1. e4 c5 2. Nf3 Nc6 3. d4 cxd4 4. Nxd4 Nf6 5. Nc3 d6 6. Bc4 e6 7. Nxc6 bxc6 8.
O-O Be7 9. Bb3 Qc7 10. Qe2 O-O 11. Rd1 d5 12. e5 Nd7 13. f4 a5 14. Na4 c5 15.
c3 Ba6 16. c4 Rfe8 17. Nc3 Bf8 18. a4 f6 19. exf6 Nxf6 20. Nb5 Bxb5 21. axb5 d4
22. Qf3 Nd7 23. Bc2 Nb6 24. b3 Bd6 25. Bd2 a4 26. Qd3 g6 27. bxa4 Bxf4 28. Bxf4
Qxf4 29. a5 Nd7 30. Rf1 Qg5 31. a6 e5 32. Rae1 Nf6 33. Qf3 Kg7 34. Qb7+ Kh6 35.
Qc6 Ng4 36. Rf7 Qh4 37. Rxh7+ Kxh7 38. Qxg6+ Kh8 39. Kf1 Qf2# 0-1

[Event "89154 VIII. Rakosmente Open"]
[Site "Budapest, Hungary"]
[Date "2013.11.29"]
[Round "1.5"]
[White "Pentek, Aladar"]
[Black "Czimer, Jozsef"]
[Result "1/2-1/2"]
[WhiteElo "2013"]
[BlackElo "1720"]
[PlyCount "75"]

1. d4 Nf6 2. Nf3 d6 3. c4 c5 4. Nc3 cxd4 5. Nxd4 g6 6. Bg5 Nbd7 7. Qd2 h6 8.
Bh4 Bg7 9. e3 Nc5 10. Bxf6 Bxf6 11. Be2 O-O 12. b4 Ne6 13. Rc1 a5 14. b5 Nc5
15. Bf3 e6 16. Nb3 Qc7 17. Nxc5 Bxc3 18. Qxc3 dxc5 19. Rd1 Rb8 20. Qf6 b6 21.
O-O Bb7 22. Bxb7 Rxb7 23. Rd2 Qe7 24. Qxe7 Rxe7 25. Rd6 Rb8 26. Rfd1 Reb7 27.
a4 Kf8 28. e4 Ke7 29. f4 f6 30. Kf2 h5 31. Ke3 Rc8 32. h4 Rcc7 33. Kf3 Rd7 34.
Rxd7+ Rxd7 35. Rxd7+ Kxd7 36. f5 gxf5 37. exf5 e5 38. Ke3 1/2-1/2

[Event "89154 VIII. Rakosmente Open"]
[Site "Budapest, Hungary"]
[Date "2013.11.29"]
[Round "1.6"]
[White "Szonyi, Bence"]
[Black "Yip, Michael"]
[Result "1/2-1/2"]
[WhiteElo "1660"]
[BlackElo "2001"]
[PlyCount "96"]

1. e4 c5 2. c3 Nf6 3. e5 Nd5 4. d4 cxd4 5. Nf3 Nc6 6. Be2 e6 7. cxd4 d6 8. O-O
dxe5 9. Nxe5 Bd6 10. Nf3 O-O 11. Nc3 Bd7 12. Bd3 h6 13. a3 Rc8 14. Ne4 Be7 15.
Bb1 b6 16. Qd3 f5 17. Nc3 Bf6 18. Ba2 Nce7 19. Nxd5 exd5 20. Bd2 Be6 21. Rfe1
Qd7 22. Qe2 Bf7 23. Ne5 Bxe5 24. Qxe5 Nc6 25. Qg3 Kh7 26. Bc3 Rce8 27. f3 Bg6
28. Rxe8 Rxe8 29. Re1 Rf8 30. Qf2 Rf6 31. Bb3 a6 32. Bd2 Bf7 33. Bf4 b5 34. Be5
Re6 35. f4 Kg8 36. Bc2 Bg6 37. h3 Bh7 38. Qf1 Re8 39. a4 Bg6 40. axb5 axb5 41.
Bd3 b4 42. Bb5 Qb7 43. Rc1 Re6 44. Rxc6 Rxc6 45. Bxc6 Qxc6 46. Qa1 Bf7 47. Qa7
Qc1+ 48. Kh2 Qc8 1/2-1/2

[Event "89154 VIII. Rakosmente Open"]
[Site "Budapest, Hungary"]
[Date "2013.11.29"]
[Round "1.8"]
[White "Terbe, Julianna"]
[Black "Kovacs, Gabor Etele"]
[Result "1-0"]
[WhiteElo "1995"]
[BlackElo "1631"]
[PlyCount "99"]

1. e4 e6 2. d4 d5 3. Nd2 dxe4 4. Nxe4 Nd7 5. Nf3 Ngf6 6. Ng3 Be7 7. Bd3 O-O 8.
O-O c5 9. Re1 b6 10. Qe2 Bb7 11. c3 Qc7 12. Ne5 Nxe5 13. dxe5 Nd7 14. Bf4 Rfd8
15. Rad1 Nf8 16. Bc1 Ng6 17. f4 Rd7 18. Ne4 Rad8 19. Nf2 Nh4 20. Be4 c4 21.
Rxd7 Rxd7 22. g3 Nf5 23. Bxb7 Qxb7 24. Qxc4 Bc5 25. b4 Be7 26. Qe4 Qc7 27. Qf3
Qc4 28. a3 Rc7 29. Ne4 Rd7 30. Qf1 Qd5 31. c4 Qc6 32. Nd2 Nd4 33. Bb2 Nc2 34.
Re2 Rd3 35. Qb1 Qa4 36. Nf1 Nxb4 37. axb4 Qd7 38. Bc1 Qd4+ 39. Be3 Qxc4 40. Rc2
Rc3 41. Rxc3 Qxc3 42. Qa2 Qxb4 43. Qxa7 b5 44. Qd4 Qb3 45. Qd7 Bf8 46. Qe8 Qc4
47. Nd2 Qc3 48. Kf2 b4 49. Qb8 h5 50. Qb6 1-0

[Event "89154 VIII. Rakosmente Open"]
[Site "Budapest, Hungary"]
[Date "2013.11.29"]
[Round "1.8"]
[White "Cserveni, Laszlo"]
[Black "Terbe, Zsuzsanna"]
[Result "1-0"]
[WhiteElo "1623"]
[BlackElo "1985"]
[PlyCount "138"]

1. d4 Nf6 2. c4 g6 3. Nc3 Bg7 4. e4 d6 5. Bd3 O-O 6. Nge2 c5 7. d5 e6 8. O-O
exd5 9. exd5 Na6 10. a3 Nc7 11. Qc2 Ng4 12. Ng3 Qh4 13. h3 Ne5 14. Nce4 Qd8 15.
Be2 f5 16. Nd2 f4 17. Nge4 Bxh3 18. f3 Bf5 19. Qd1 Qh4 20. Qe1 Qe7 21. Kh2 Rae8
22. Rh1 h6 23. Kg1 g5 24. Ra2 g4 25. Qh4 Qd7 26. Qe1 g3 27. b3 Re7 28. Bb2 Ne8
29. Qd1 a6 30. b4 b6 31. Qb3 Qb7 32. Kf1 Rc7 33. Bd3 Qc8 34. Bxe5 Bxe5 35. Rxh6
Kg7 36. Rh1 Kg6 37. Ke2 Ng7 38. Rc2 Qd8 39. Qa4 Ra7 40. Rcc1 Kf7 41. Qc2 Qe7
42. Rh6 Raa8 43. Rch1 Ke8 44. Rh8 Kd7 45. Qa4+ Kd8 46. Qc6 Rb8 47. bxc5 bxc5
48. Qxa6 Ne6 49. dxe6 Rxh8 50. Rxh8+ Bxh8 51. Qxd6+ Qxd6 52. Nxd6 Bxd3+ 53.
Kxd3 Ke7 54. Nb5 Kxe6 55. Nb3 Rc8 56. Ke4 Be5 57. Nc1 Re8 58. Nd3 Bb8 59. Nxc5+
Kf6+ 60. Kd3 Rd8+ 61. Ke2 Be5 62. Ne4+ Kf5 63. c5 Re8 64. c6 Ke6 65. c7 Kd7 66.
Kd3 Kc6 67. c8=Q+ Rxc8 68. Na7+ Kc7 69. Nxc8 Kxc8 {...} 1-0

[Event "89154 VIII. Rakosmente Open"]
[Site "Budapest, Hungary"]
[Date "2013.11.29"]
[Round "1.9"]
[White "Bolyai, Istvan"]
[Black "Filep, Gyorgy Dr"]
[Result "1-0"]
[WhiteElo "1977"]
[BlackElo "1532"]
[PlyCount "39"]

1. e4 e5 2. Nf3 d6 3. Nc3 Nf6 4. Bc4 Nxe4 5. Nxe4 d5 6. Nxe5 dxc4 7. Nxc4 Be6
8. Qe2 Nc6 9. c3 Qd5 10. b3 a5 11. O-O a4 12. Ba3 Bxa3 13. Nxa3 axb3 14. Nb5
Kd7 15. axb3 Qe5 16. d4 Qf4 17. Nc5+ Ke7 18. d5 b6 19. Nxe6 fxe6 20. Qxe6+ 1-0

[Event "89154 VIII. Rakosmente Open"]
[Site "Budapest, Hungary"]
[Date "2013.11.29"]
[Round "1.9"]
[White "Xiao Hu, Chen"]
[Black "Marta, Dominik"]
[Result "1/2-1/2"]
[WhiteElo "1424"]
[BlackElo "1938"]
[PlyCount "74"]
[EventDate "2013.??.??"]

1. e4 e5 2. Nf3 Nf6 3. Nxe5 d6 4. Nf3 Nxe4 5. d3 Nf6 6. Bg5 Be7 7. Be2 O-O 8.
O-O h6 9. Bh4 c5 10. d4 Nbd7 11. dxc5 dxc5 12. Nbd2 Nb6 13. Nc4 Nxc4 14. Bxc4
Bf5 15. c3 a6 16. Qxd8 Raxd8 17. Rad1 b5 18. Be2 g5 19. Bg3 Ne4 20. Ne5 Bf6 21.
Ng4 Bg7 22. Ne3 Be6 23. a3 f5 24. Bc7 Rc8 25. Ba5 Be5 26. Nd5 Rf7 27. f4 Bxd5
28. Rxd5 Bxf4 29. g3 Be3+ 30. Kg2 f4 31. gxf4 gxf4 32. Bg4 Rg7 33. h3 Nf6 34.
Rd8+ Rxd8 35. Bxd8 Ne4 36. Kh2 h5 37. Bxh5 Rd7 {...} 1/2-1/2

[Event "89154 VIII. Rakosmente Open"]
[Site "Budapest, Hungary"]
[Date "2013.11.29"]
[Round "1.11"]
[White "Sulcz, Istvan"]
[Black "Karacsonyi, Kata"]
[Result "1-0"]
[WhiteElo "1912"]
[BlackElo "1300"]
[PlyCount "117"]

1. d4 Nf6 2. Nf3 d5 3. c4 e6 4. g3 Nbd7 5. Bg2 c6 6. Qc2 Be7 7. O-O O-O 8. b3
c5 9. cxd5 Nxd5 10. Bb2 Nb4 11. Qd2 Nb6 12. dxc5 Qxd2 13. Nbxd2 Bxc5 14. a3
N4d5 15. Rac1 Be7 16. e4 Nf6 17. Ne5 Rd8 18. Rfd1 Bd7 19. a4 Be8 20. Ndc4 Nxc4
21. Nxc4 Rac8 22. Ne3 Bc6 23. e5 Nd7 24. Bxc6 bxc6 25. Rd3 Nc5 26. Rxd8+ Rxd8
27. Ba3 Rb8 28. Bxc5 Bxc5 29. Rxc5 Rxb3 30. Rxc6 g6 31. Ra6 Rb7 32. Nc4 Kf8 33.
Nd6 Rd7 34. f4 Kg7 35. Nb5 Kh6 36. Rxa7 Rd1+ 37. Kg2 Ra1 38. a5 g5 39. a6 gxf4
40. gxf4 Kh5 41. Rxf7 Rxa6 42. Rxh7+ Kg4 43. Rf7 Ra2+ 44. Kf1 Kf3 45. Ke1 Ke3
46. Kd1 Rxh2 47. f5 Kd3 48. Ke1 Ke3 49. Kf1 Kf3 50. fxe6+ Ke4 51. e7 Rh8 52.
Rf8 Rh1+ 53. Kg2 Rb1 54. Nc3+ Kxe5 55. Nxb1 Kd6 56. e8=Q Kc7 57. Qe6 Kb7 58.
Rf7+ Kb8 59. Qe8# 1-0

[Event "89154 VIII. Rakosmente Open"]
[Site "Budapest, Hungary"]
[Date "2013.11.29"]
[Round "1.12"]
[White "Uzonyi, Peter"]
[Black "Toth-Katona, Tamas"]
[Result "0-1"]
[WhiteElo "1237"]
[BlackElo "1895"]
[PlyCount "100"]

1. d4 Nf6 2. c4 e6 3. Bg5 Be7 4. Nc3 c5 5. Bxf6 Bxf6 6. d5 d6 7. e3 e5 8. e4
O-O 9. Nf3 g6 10. g3 Bg7 11. Bg2 f5 12. O-O Nd7 13. Nd2 f4 14. Nf3 g5 15. h3
Qf6 16. Rb1 Qh6 17. Kh2 Nf6 18. Re1 g4 19. Ng1 f3 20. Bf1 gxh3 21. Qc2 Ng4+ 22.
Kh1 h2 23. Nxf3 Rxf3 24. Bd3 Rxf2 25. Re2 Qf6 26. Rxf2 Qxf2 27. Rf1 Qxc2 28.
Bxc2 Ne3 29. Rc1 Nxc2 30. Rxc2 Bd7 31. b3 Rf8 32. Kxh2 Bh6 33. Nd1 Bg4 34. Nf2
Bf3 35. Nd3 Bxe4 36. Rc3 Rf3 37. Nxc5 Rxc3 38. Nxe4 Rc2+ 39. Kh3 Bf8 40. Ng5
Rxa2 41. Ne6 Rb2 42. Nc7 Rxb3 43. Nb5 Rxb5 44. cxb5 a5 45. bxa6 bxa6 46. Kg2 a5
47. Kf2 a4 48. Ke2 a3 49. Kd2 a2 50. Kc2 a1=Q 0-1

[Event "89154 VIII. Rakosmente Open"]
[Site "Budapest, Hungary"]
[Date "2013.11.30"]
[Round "2.1"]
[White "Bolyai, Istvan"]
[Black "Kovacs, Marton"]
[Result "1/2-1/2"]
[WhiteElo "1977"]
[BlackElo "2139"]
[PlyCount "73"]

1. e4 e5 2. Nf3 Nf6 3. Nxe5 d6 4. Nf3 Nxe4 5. d4 d5 6. h3 Be7 7. Bd3 O-O 8. O-O
Bf6 9. Re1 Re8 10. c3 Nd6 11. Rxe8+ Nxe8 12. Bf4 g6 13. Nbd2 Ng7 14. Qe2 Bf5
15. Bxf5 Nxf5 16. Re1 Nd7 17. g4 Nd6 18. g5 Bg7 19. Bxd6 cxd6 20. h4 a6 21. Nh2
Nf8 22. f4 Qd7 23. Qf3 Re8 24. Rxe8 Qxe8 25. Kf2 Qb5 26. Nb3 f5 27. h5 gxh5 28.
Qxh5 Ng6 29. Kg3 a5 30. Qf3 Ne7 31. Qg2 a4 32. Nc1 Kf7 33. Qe2 Qc4 34. Nf1 Qxe2
35. Nxe2 Ke6 36. Ne3 Nc6 37. Nc1 1/2-1/2

[Event "89154 VIII. Rakosmente Open"]
[Site "Budapest, Hungary"]
[Date "2013.11.30"]
[Round "2.2"]
[White "Mezei, Csaba"]
[Black "Sulcz, Istvan"]
[Result "1-0"]
[WhiteElo "2135"]
[BlackElo "1912"]
[PlyCount "81"]

1. d4 Nf6 2. Bf4 g6 3. e3 Bg7 4. h3 d6 5. c3 O-O 6. Bd3 Nbd7 7. Nf3 Qe8 8. Bh2
e5 9. Nfd2 Qe7 10. O-O e4 11. Be2 c6 12. c4 d5 13. c5 Ne8 14. Nc3 b6 15. cxb6
axb6 16. a3 f5 17. Qb3 Qe6 18. Rac1 Nef6 19. Na4 Ba6 20. Bxa6 Rxa6 21. Rc2 b5
22. Nc5 Nxc5 23. Rxc5 Nd7 24. Rc2 Nb6 25. Qc3 Na4 26. Qb4 Rc8 27. Nb3 Bf8 28.
Nc5 Nxc5 29. dxc5 Ra4 30. Qd2 Rc4 31. Rxc4 bxc4 32. Qb4 Bg7 33. a4 Be5 34. Bxe5
Qxe5 35. Qb7 Qc7 36. Qb6 Qe5 37. a5 Qe8 38. a6 Rb8 39. a7 Rxb6 40. cxb6 Qa8 41.
Ra1 1-0

[Event "89154 VIII. Rakosmente Open"]
[Site "Budapest, Hungary"]
[Date "2013.11.30"]
[Round "2.3"]
[White "Toth-Katona, Tamas"]
[Black "Suranyi, Pal"]
[Result "1-0"]
[WhiteElo "1895"]
[BlackElo "2118"]
[PlyCount "77"]

1. e4 c5 2. Nc3 a6 3. g3 Nf6 4. Bg2 e6 5. d3 Nc6 6. Nge2 Be7 7. O-O d6 8. a4
Qc7 9. h3 Rb8 10. Be3 O-O 11. f4 b5 12. axb5 axb5 13. Qd2 b4 14. Na4 e5 15. f5
Nd4 16. g4 Nxe2+ 17. Qxe2 h6 18. h4 Nh7 19. Qe1 Bd7 20. Qg3 Qd8 21. Bf2 Ra8 22.
b3 Bxa4 23. bxa4 Qd7 24. Be3 g5 25. fxg6 fxg6 26. Bxh6 Rxf1+ 27. Rxf1 c4 28. g5
Qxa4 29. Qf3 Qa7+ 30. Kh1 Bf8 31. Qg4 Qe7 32. Bh3 cxd3 33. cxd3 Re8 34. h5 Bg7
35. hxg6 Nf8 36. Qf5 Bxh6 37. gxh6 Ne6 38. Qf7+ Kh8 39. g7+ 1-0

[Event "89154 VIII. Rakosmente Open"]
[Site "Budapest, Hungary"]
[Date "2013.11.30"]
[Round "2.4"]
[White "Bodrogi, Laszlo"]
[Black "Fodor, Balazs"]
[Result "0-1"]
[WhiteElo "2014"]
[BlackElo "1882"]
[PlyCount "94"]

1. e4 c6 2. d4 d5 3. exd5 cxd5 4. c4 Nf6 5. Nc3 e6 6. Nf3 Bb4 7. Bd3 O-O 8. O-O
Qc7 9. cxd5 Bxc3 10. d6 Qa5 11. bxc3 Qxc3 12. Bg5 Nbd7 13. Re1 Qa3 14. Ne5 Qxd6
15. Re3 g6 16. Bh6 Re8 17. Bc4 Nd5 18. Qf3 f5 19. Bxd5 Qxd5 20. Qf4 b6 21. Qh4
Bb7 22. Rg3 Nxe5 23. Qf6 Qd7 24. Qxe5 Rad8 25. Rd1 Ba8 26. h4 Qf7 27. h5 Rd5
28. Qe2 f4 29. Rg4 Rxh5 30. Bxf4 Rf5 31. Be5 Rf8 32. f4 Bd5 33. Rc1 Qe8 34. Rc7
R8f7 35. Rxf7 Qxf7 36. Qc2 Qb7 37. Rg3 b5 38. Rc3 Bc4 39. a4 a6 40. axb5 axb5
41. Qb2 Rf7 42. Ra3 Bd5 43. g4 b4 44. Ra5 b3 45. Qa3 b2 46. Rxd5 b1=Q+ 47. Kh2
Qxd5 0-1

[Event "89154 VIII. Rakosmente Open"]
[Site "Budapest, Hungary"]
[Date "2013.11.30"]
[Round "2.5"]
[White "Szoukup, Helga"]
[Black "Terbe, Julianna"]
[Result "0-1"]
[WhiteElo "1864"]
[BlackElo "1995"]
[PlyCount "124"]

1. e4 c5 2. Nf3 Nc6 3. d4 cxd4 4. Nxd4 Nf6 5. Nc3 e5 6. Nf3 Bb4 7. Bg5 h6 8.
Bxf6 Qxf6 9. Qd3 Qg6 10. Nd2 O-O 11. O-O-O Bxc3 12. Qxc3 d6 13. Qg3 Qf6 14. Nc4
Rd8 15. Ne3 Be6 16. Bc4 Bxc4 17. Nxc4 Qe6 18. b3 d5 19. exd5 Rxd5 20. Rxd5 Qxd5
21. Rd1 Qc5 22. Qe3 Qe7 23. Kb2 Rc8 24. Qh3 Rc7 25. Ne3 Qe8 26. Nd5 Rc8 27. Qg4
Kh8 28. Rd3 Nd4 29. c3 Ne6 30. Qf5 Nc5 31. Rg3 Qe6 32. Qxe6 Nxe6 33. c4 Nd4 34.
Re3 f6 35. Nc3 Kg8 36. Nb5 Nxb5 37. cxb5 Kf7 38. Rc3 Rxc3 39. Kxc3 b6 40. a4
Ke6 41. Kc4 f5 42. b4 g5 43. a5 Kd6 44. f3 h5 45. a6 Ke6 46. h3 h4 47. Kc3 Kd5
48. Kd3 e4+ 49. Ke3 f4+ 50. Kd2 e3+ 51. Kd3 e2 52. Kxe2 Kc4 53. Kd2 Kxb4 54.
Kd3 Kxb5 55. Ke4 Kxa6 56. Kf5 b5 57. Kxg5 b4 58. Kxf4 b3 59. Kg5 b2 60. Kxh4
b1=Q 61. g4 Qh7+ 62. Kg3 Kb5 0-1

[Event "89154 VIII. Rakosmente Open"]
[Site "Budapest, Hungary"]
[Date "2013.11.30"]
[Round "2.6"]
[White "Pentek, Aladar"]
[Black "Cserveni, Laszlo"]
[Result "1/2-1/2"]
[WhiteElo "2013"]
[BlackElo "1623"]
[PlyCount "121"]

1. d4 d5 2. Nf3 Nf6 3. c4 c6 4. e3 g6 5. Nc3 Bg7 6. Bd3 Nbd7 7. Bd2 dxc4 8.
Bxc4 Nb6 9. Bb3 Bg4 10. h3 Bxf3 11. Qxf3 a5 12. a4 Nbd5 13. O-O O-O 14. Nxd5
cxd5 15. Bc2 Qb6 16. Bc3 Rfd8 17. Ra3 Qe6 18. Rb3 b6 19. Rb5 Rac8 20. Bd3 Ne8
21. Rd1 f5 22. g4 fxg4 23. hxg4 Nf6 24. Be2 Ne4 25. Be1 Rf8 26. Qg2 Rfd8 27.
Bd3 Nf6 28. g5 Ne8 29. Be2 Nc7 30. Bg4 Qd6 31. Rb3 e6 32. Rc1 Ne8 33. Rbc3 Rxc3
34. Rxc3 Bf8 35. Qh3 Ng7 36. Kg2 Re8 37. Qh2 Qd8 38. f4 Bd6 39. Kf3 Qd7 40. Qc2
Nf5 41. Bxf5 exf5 42. Rc6 Qe7 43. Bf2 Rb8 44. Rc8+ Kf7 45. Rxb8 Bxb8 46. Qd3
Bc7 47. Qc3 Ke6 48. Qc6+ Bd6 49. b3 Qd8 50. Be1 Qc7 51. Qxc7 Bxc7 52. b4 Kf7
53. Ke2 Kg7 54. Kf3 h6 55. gxh6+ Kxh6 56. bxa5 bxa5 57. Bh4 Bd6 58. Bd8 Bb4 59.
Ke2 Kh5 60. Kf3 Kh6 61. Bg5+ 1/2-1/2

[Event "89154 VIII. Rakosmente Open"]
[Site "Budapest, Hungary"]
[Date "2013.11.30"]
[Round "2.7"]
[White "Yip, Michael"]
[Black "Xiao Hu, Chen"]
[Result "1/2-1/2"]
[WhiteElo "2001"]
[BlackElo "1424"]
[PlyCount "105"]

1. Nf3 Nf6 2. d4 e6 3. c4 d5 4. Nc3 c5 5. cxd5 Nxd5 6. e3 cxd4 7. exd4 Bb4 8.
Bd2 Nc6 9. Bd3 Qb6 10. O-O O-O 11. Na4 Qd8 12. Nc3 Bd7 13. Re1 Re8 14. Rc1 Rc8
15. Qe2 Nce7 16. Qe4 Ng6 17. Ne5 Bc6 18. Nxc6 bxc6 19. Qf3 Qa5 20. Bc4 Qb6 21.
Qe4 Red8 22. Bg5 Be7 23. Bxe7 Ngxe7 24. Na4 Qb4 25. Qc2 Nb6 26. Nxb6 axb6 27.
a3 Qd6 28. Rcd1 Nd5 29. g3 c5 30. Bxd5 exd5 31. dxc5 Rxc5 32. Qd3 g6 33. Rd2 d4
34. Qe4 Rd5 35. Rd3 Qc6 36. Red1 Qc2 37. R1d2 Qc1+ 38. Kg2 Qc5 39. h4 Re5 40.
Qf4 Qc6+ 41. Qf3 Qc5 42. Qf4 Qc6+ 43. Qf3 Qc5 44. b4 Qc4 45. Qf4 Rf5 46. Qe4
Rfd5 47. Qg4 Qc6 48. Qf3 Qc4 49. Qe4 R5d6 50. Qf4 Qc6+ 51. Qf3 Qc4 52. h5 Kg7
53. hxg6 1/2-1/2

[Event "89154 VIII. Rakosmente Open"]
[Site "Budapest, Hungary"]
[Date "2013.11.30"]
[Round "2.8"]
[White "Marta, Dominik"]
[Black "Szonyi, Bence"]
[Result "1-0"]
[WhiteElo "1938"]
[BlackElo "1660"]
[PlyCount "41"]

1. d4 Nf6 2. Nf3 e6 3. e3 d5 4. Bd3 Be7 5. O-O O-O 6. b3 c5 7. Bb2 Nc6 8. a3
cxd4 9. exd4 Ne4 10. c4 f5 11. Nc3 Bf6 12. cxd5 exd5 13. Nxd5 Kh8 14. Nxf6 Qxf6
15. Qc2 Ng5 16. Nxg5 Qxg5 17. d5 Ne7 18. f4 Qh6 19. Qc5 Ng6 20. Qc7 Qh4 21.
Qxg7# 1-0

[Event "89154 VIII. Rakosmente Open"]
[Site "Budapest, Hungary"]
[Date "2013.11.30"]
[Round "2.9"]
[White "Czimer, Jozsef"]
[Black "Ladanyi, Gyula"]
[Result "1/2-1/2"]
[WhiteElo "1720"]
[BlackElo "1855"]
[PlyCount "62"]

1. e4 e5 2. Nf3 Nc6 3. Bb5 a6 4. Bxc6 dxc6 5. O-O f6 6. d4 exd4 7. Nxd4 c5 8.
Nf5 Qxd1 9. Rxd1 g6 10. Ng3 Bd6 11. Ne2 Bg4 12. f3 Bd7 13. Nbc3 O-O-O 14. Bf4
Bxf4 15. Nxf4 Ne7 16. Nfd5 Nxd5 17. Nxd5 Rhf8 18. Rd2 c6 19. Nb6+ Kc7 20. Nxd7
Rxd7 21. Rxd7+ Kxd7 22. Rd1+ Ke7 23. Kf2 Rd8 24. Rxd8 Kxd8 25. Ke3 Kd7 26. f4
Kd6 27. c4 b5 28. b3 a5 29. a4 b4 30. h4 h5 31. Kf3 f5 1/2-1/2

[Event "89154 VIII. Rakosmente Open"]
[Site "Budapest, Hungary"]
[Date "2013.11.30"]
[Round "2.10"]
[White "Terbe, Zsuzsanna"]
[Black "Uzonyi, Peter"]
[Result "1-0"]
[WhiteElo "1985"]
[BlackElo "1237"]
[PlyCount "81"]

1. Nf3 d5 2. g3 Nc6 3. d4 Nf6 4. Bg2 e6 5. O-O Bd6 6. c3 O-O 7. Nbd2 Nd7 8. e4
f5 9. exd5 exd5 10. Re1 Nb6 11. a4 a5 12. Nb3 f4 13. Nc5 fxg3 14. hxg3 Bg4 15.
Nxb7 Qd7 16. Nxd6 Qxd6 17. Bf4 Qd8 18. Qc1 Qc8 19. Ne5 Nxe5 20. Bxe5 c6 21. b3
Qd7 22. Qd2 Nc8 23. c4 Ne7 24. cxd5 cxd5 25. b4 Ng6 26. b5 Bf3 27. Rac1 Nxe5
28. Rxe5 Bxg2 29. Kxg2 Rfc8 30. Rxc8+ Rxc8 31. Qg5 Rd8 32. Re7 Qxe7 33. Qxe7
Rf8 34. Qe6+ Kh8 35. Qxd5 h6 36. b6 Kh7 37. b7 Rb8 38. Qf5+ g6 39. Qd7+ Kg8 40.
Qc8+ Rxc8 41. bxc8=Q+ 1-0

[Event "89154 VIII. Rakosmente Open"]
[Site "Budapest, Hungary"]
[Date "2013.11.30"]
[Round "2.13"]
[White "Karacsonyi, Kata"]
[Black "Lukacs, Laszlo"]
[Result "1-0"]
[WhiteElo "1300"]
[BlackElo "1731"]
[PlyCount "63"]

1. e4 c5 2. Nf3 e6 3. d4 cxd4 4. Nxd4 Nf6 5. Nc3 Bb4 6. Bd3 e5 7. Nf3 d5 8.
exd5 Qxd5 9. O-O Bxc3 10. bxc3 e4 11. Re1 Bf5 12. Ba3 Nc6 13. Bxe4 Qxe4 14.
Rxe4+ Bxe4 15. Nd4 O-O-O 16. Rb1 Rhe8 17. Bc5 b6 18. Ba3 Na5 19. Qf1 Bd5 20.
Qa6+ Kb8 21. Nb5 Rd7 22. Bd6+ Ka8 23. Bc7 Nc6 24. Bxb6 Rb8 25. Bc7 Rb7 26. Bg3
Nb8 27. Qa3 Bc6 28. c4 Bxb5 29. cxb5 Rxb5 30. Qf3+ Rbb7 31. a4 Nd5 32. Rxb7 1-0

[Event "89154 VIII. Rakosmente Open"]
[Site "Budapest, Hungary"]
[Date "2013.11.30"]
[Round "3.1"]
[White "Fodor, Balazs"]
[Black "Mezei, Csaba"]
[Result "1-0"]
[WhiteElo "1882"]
[BlackElo "2135"]
[PlyCount "105"]

1. d4 Nf6 2. c4 e6 3. Nc3 c6 4. Nf3 d5 5. Bg5 Be7 6. e3 Nbd7 7. Qc2 h6 8. Bh4
b6 9. Bd3 Bb7 10. O-O O-O 11. Rad1 Rc8 12. Qe2 Qc7 13. cxd5 exd5 14. Rc1 Qb8
15. Bf5 Rce8 16. Bb1 Bd6 17. Qd3 Ne4 18. Bg3 Bxg3 19. hxg3 Re6 20. Nd2 f5 21.
g4 g6 22. gxf5 gxf5 23. Ne2 Kh8 24. Nf4 Ref6 25. Nf3 Qe8 26. g3 Ng5 27. Qe2 Ne4
28. Kg2 Rg8 29. Rh1 Qf8 30. Rh2 Rd6 31. Rch1 Kh7 32. Rh5 Bc8 33. R5h3 Ndf6 34.
Ne5 Ng4 35. Bxe4 fxe4 36. Rh4 Nf6 37. Rxh6+ Qxh6 38. Rxh6+ Kxh6 39. Nf7+ Kg7
40. Nxd6 Bg4 41. Qc2 Bf3+ 42. Kf1 Rh8 43. Nf5+ Kf7 44. Nh4 Bg4 45. Qxc6 Rd8 46.
Ke1 Ke7 47. Kd2 Kf7 48. Nhg6 Kg7 49. Ne5 Bd7 50. Qc7 Rc8 51. Qxa7 Rd8 52. Nxd5
Nxd5 53. Nxd7 1-0

[Event "89154 VIII. Rakosmente Open"]
[Site "Budapest, Hungary"]
[Date "2013.11.30"]
[Round "3.2"]
[White "Terbe, Julianna"]
[Black "Toth-Katona, Tamas"]
[Result "1/2-1/2"]
[WhiteElo "1995"]
[BlackElo "1895"]
[PlyCount "66"]

1. e4 e5 2. Nc3 Nf6 3. Bc4 Bc5 4. d3 d6 5. Na4 Bb6 6. Nxb6 axb6 7. Ne2 Be6 8.
Bxe6 fxe6 9. O-O O-O 10. Bg5 Nbd7 11. f4 h6 12. Bh4 Qe8 13. fxe5 Nxe5 14. Qd2
g5 15. Bg3 Nc6 16. a3 Qg6 17. Qc3 h5 18. Nd4 h4 19. Bf2 Nxd4 20. Qxd4 Ng4 21.
h3 Ne5 22. Qe3 Rf4 23. Rae1 Raf8 24. d4 Nc4 25. Qc3 d5 26. exd5 exd5 27. b3
Nxa3 28. Qxc7 Nxc2 29. Rc1 g4 30. Qxc2 Qxc2 31. Rxc2 g3 32. Rd2 Kg7 33. Re2 Kg8
1/2-1/2

[Event "89154 VIII. Rakosmente Open"]
[Site "Budapest, Hungary"]
[Date "2013.11.30"]
[Round "3.3"]
[White "Kovacs, Marton"]
[Black "Marta, Dominik"]
[Result "1-0"]
[WhiteElo "2139"]
[BlackElo "1938"]
[PlyCount "75"]

1. d4 Nf6 2. Nf3 g6 3. Bf4 Bg7 4. Nc3 O-O 5. e4 d6 6. Qd2 c5 7. d5 Na6 8. Bxa6
bxa6 9. O-O Rb8 10. e5 dxe5 11. Nxe5 Rxb2 12. Nc6 Qd7 13. Na4 Nxd5 14. Qxd5
Qxd5 15. Nxe7+ Kh8 16. Nxd5 Rxc2 17. Rac1 Rxa2 18. Nxc5 Be6 19. Nc7 Bc8 20.
Rfd1 Ra5 21. h3 h6 22. Bd6 Rd8 23. Be7 Rg8 24. Nd7 Rf5 25. Rc5 Rf4 26. Rd6 Bxd7
27. Rxd7 Re4 28. g3 h5 29. Nd5 Re6 30. Nf4 Rb6 31. Rcc7 h4 32. Bc5 Rb1+ 33. Kg2
hxg3 34. Rxf7 gxf2 35. Bxf2 Rb4 36. Ne6 Re4 37. Nxg7 a5 38. Ne6 1-0